000 00427nam a2200181Ia 4500
001 18500
005 20260306171635.0
008 260306s9999||||xx |||||||||||||| ||und||
041 _aESP
082 _a658.406
_bJ67
100 _aJohansson, Henry J.
_eAUT
245 0 _aReingeniería de procesos de negocios
260 _c1996
300 _a268 p
_c24 cm.
650 _aGEN
654 _aCAN
942 _cLIB
_dJUS
_fJUS
_2ddc
_n
999 _c18500
_d18500